Statistics for Vocabulary by Language #1

Click here to take the quiz!

General Stats

  • This quiz has been taken 29,537 times
    (10,563 since last reset)
  • The average score is 11 of 21

Answer Stats

WordLanguage% Correct
BourgeoisFrench
98%
GesundheitGerman
97%
EthosGreek
91%
BravoItalian
86%
GoulashHungarian
67%
ApartheidAfrikaans
66%
CensusLatin
66%
FutonJapanese
58%
ChutzpahYiddish
50%
JuntaSpanish
50%
HashishArabic
47%
ChutneyHindi
42%
HaremTurkish
41%
AçaiPortuguese
39%
Orangutan Malay
39%
LycheeChinese
39%
BrogueIrish
36%
CorgiWelsh
29%
PolkaCzech
25%
KarmaSanskrit
23%
DollarDutch
21%

Score Distribution

Percentile by Number Answered

Percent of People with Each Score

Your Score History

You have not taken this quiz since the last reset